Curiosidades do Brasil (V/F) - Statistics

Estatísticas Gerais
  • Esse quiz foi jogado 214 vezes
  • A pontuação média é 10 de 15
Estatísticas das Respostas
Questão Resposta % Correto
A Bossa Nova é um estilo musical originado no Brasil. Verdadeiro
89%
O Brasil foi uma colônia de Portugal por mais de 300 anos. Verdadeiro
88%
A capital do Brasil foi transferida do Rio de Janeiro para Brasília em 1960. Verdadeiro
81%
O Brasil tem seis regiões geográficas principais, mas há duvidas entre se a região Noroeste deveria existir. Falso
79%
O Brasil tem a maior população de origem africana fora da África. Verdadeiro
76%
O Brasil foi o primeiro país das Américas a abolir a escravidão. Falso
74%
O Brasil foi descoberto por Pedro Álvares Cabral em 1510. Falso
74%
A Amazônia é a maior floresta tropical do mundo e está localizada inteiramente no Brasil. Falso
74%
A República foi proclamada no Brasil em 1889. Verdadeiro
72%
A cidade de Recife é conhecida como a "Veneza Brasileira". Verdadeiro
71%
A cidade de Belo Horizonte foi projetada por Oscar Niemeyer. Falso
70%
A escravidão no Brasil foi abolida em 1888 pela Lei Anti-Escravocata. Falso
55%
A cidade de Belo Horizonte foi a primeira cidade planejada do Brasil. Verdadeiro
39%
O Brasil não participou Primeira Guerra Mundial. Falso
38%
O Brasil foi um dos países fundadores da ONU. Verdadeiro
38%
Nenhum quiz correspondente encontrado
Distribuição das Pontuações
Porcentagem de Pessoas com Cada Pontuação
Percentil de Números Respondidos
Sua Pontuação Histórica
Você não jogou esse quiz